| 000 | 00346 a2200157 4500 | ||
|---|---|---|---|
| 001 | 58301 | ||
| 020 | _a8501005363 | ||
| 040 | _cAnchieta - Pituba | ||
| 100 | _aAmado, Jorge | ||
| 240 | 1 | 0 |
_aGabriela, cravo e canela _lpor |
| 245 | 1 | 0 | _aGabriela, cravo e canela |
| 300 | _a363 | ||
| 362 | 0 | _a2000 | |
| 650 | 4 | _aFicção brasileira | |
| 942 | _cBK | ||
| 999 |
_c58301 _d58301 |
||